Catálogo público

A dictionary of plant pathology (Record no. 6099)

MARC details
000 -CABECERA
campo de control de longitud fija 01017cam a22003137a 4500
003 - IDENTIFICADOR DEL NÚMERO DE CONTROL
campo de control CHAP
005 - FECHA Y HORA DE LA ÚLTIMA TRANSACCIÓN
campo de control 20220329133419.0
008 - DATOS DE LONGITUD FIJA--INFORMACIÓN GENERAL
campo de control de longitud fija 971013s1989 r 00010 d
010 ## - NÚMERO DE CONTROL DE LA BIBLIOTECA DEL CONGRESO
Número de control de LC 6099
011 ## - ENLACE DEL NUMERO DE CONTROL DE LA BIBLIOTECA DEL CONGRESO [OBSOLETO]
Número de control de LC 7071
035 ## - NÚMERO DE CONTROL DEL SISTEMA
Número de control de sistema 6294
040 ## - FUENTE DE LA CATALOGACIÓN
Centro/agencia transcriptor CHAP
082 ## - NÚMERO DE LA CLASIFICACIÓN DECIMAL DEWEY
Número de clasificación 632.03
Número de documento/Ítem D5
245 12 - MENCIÓN DE TÍTULO
Título A dictionary of plant pathology
260 ## - PUBLICACIÓN, DISTRIBUCIÓN, ETC.
Lugar de publicación, distribución, etc. Cambridge :
Nombre del editor, distribuidor, etc. Cambridge University Press,
Fecha de publicación, distribución, etc. 1989
300 ## - DESCRIPCIÓN FÍSICA
Extensión 369 p.
590 ## - NOTA LOCAL (RLIN)
Nota local BATCH-UPD
Procedencia (VM) [OBSOLETO] 10
Condición del los carretes individuales (VM) [OBSOLETO] 20130110
-- UCH01
-- 0314
590 ## - NOTA LOCAL (RLIN)
Nota local BATCH-UPD
Procedencia (VM) [OBSOLETO] 10
Condición del los carretes individuales (VM) [OBSOLETO] 20130110
-- UCH01
-- 2328
590 ## - NOTA LOCAL (RLIN)
Nota local BATCH-UPD
Procedencia (VM) [OBSOLETO] 10
Condición del los carretes individuales (VM) [OBSOLETO] 20130409
-- UCH01
-- 2346
590 ## - NOTA LOCAL (RLIN)
Nota local BATCH-UPD
Procedencia (VM) [OBSOLETO] 10
Condición del los carretes individuales (VM) [OBSOLETO] 20130914
-- UCH01
-- 1413
590 ## - NOTA LOCAL (RLIN)
Nota local CONVERSION
Procedencia (VM) [OBSOLETO] 10
Condición del los carretes individuales (VM) [OBSOLETO] 20130109
-- UCH01
-- 1304
650 14 - PUNTO DE ACCESO ADICIONAL DE MATERIA--TÉRMINO DE MATERIA
Término de materia o nombre geográfico como elemento de entrada Fitopatología
Subdivisión general Diccionarios.
9 (RLIN) 41166
700 0# - PUNTO DE ACCESO ADICIONAL--NOMBRE DE PERSONA
Nombre de persona Holliday, Paul.
9 (RLIN) 55959
901 ## - ELEMENTOS DE DATOS A LOCAL LDA (RLIN)
a BK
942 ## - ELEMENTOS DE PUNTO DE ACCESO ADICIONAL (KOHA)
Tipo de ítem Koha Libro
949 ## - PROCESAMIENTO DE INFORMACIÓN LOCAL (OCLC)
a 632.03 D5
b BC
c C
d -73251
e C
f c.2
h 87722
i 6294
s i
949 ## - PROCESAMIENTO DE INFORMACIÓN LOCAL (OCLC)
a 632.03 D5
b BC
c C
d 33724000421699
e C
h 83151
i 6294
s i
t 94.00
949 ## - PROCESAMIENTO DE INFORMACIÓN LOCAL (OCLC)
a 632.03 D5
b BC
c C
d 33724000421707
e C
f c.3
h 83151
i 6294
s i
t 225.78
Holdings
Estado de retiro Estado de pérdida Fuente del sistema de clasificación o colocación Estado dañado Restricciones de uso No para préstamo Código de colección Localización permanente Ubicación/localización actual Ubicación en estantería Fecha de adquisición Información codificada de la localización en otra ubicación Total de préstamos Signatura topográfica completa Código de barras Fecha visto por última vez Número de copia Precio válido a partir de Tipo de ítem Koha
    Dewey Decimal Classification   Préstamo interno   Consulta Biblioteca Central Biblioteca Central Planta alta - Coleción Consulta 31/12/2019 LIBRO   632.03 D5 -73251 31/12/2019 c.2 31/12/2019 Libro
    Dewey Decimal Classification   Préstamo interno   Consulta Biblioteca Central Biblioteca Central Planta alta - Coleción Consulta 31/12/2019 LIBRO   632.03 D5 33724000421699 31/12/2019   31/12/2019 Libro
    Dewey Decimal Classification   Préstamo interno   Consulta Biblioteca Central Biblioteca Central Planta alta - Coleción Consulta 31/12/2019 LIBRO   632.03 D5 33724000421707 31/12/2019 c.3 31/12/2019 Libro